000007426 001__ 7426
000007426 005__ 20260320093536.0
000007426 037__ $$aSCART-2025-0069
000007426 100__ $$aVanden Broeck, G.
000007426 245__ $$aHow does the solar chromospheric activity look like under different inclination angles ?
000007426 260__ $$c2025
000007426 594__ $$aNO
000007426 700__ $$aBechet, S.
000007426 700__ $$aRauw, G.
000007426 700__ $$aClette, F.
000007426 773__ $$cA159$$pAstronomy and Astrophysics$$v698
000007426 8560_ $$fsteven.dewitte@ksb-orb.be
000007426 905__ $$apublished in
000007426 980__ $$aREFERD